Seal of the prophets and his message: lessons on islamic doctrine (Record no. 492762)

000 -LEADER
fixed length control field 00435cam a22001217a 4500
008 - FIXED-LENGTH DATA ELEMENTS--GENERAL INFORMATION
fixed length control field 180718b2003 xxu||||| |||| 00| 0 eng d
082 ## - DEWEY DECIMAL CLASSIFICATION NUMBER
Classification number AB L324
100 ## - MAIN ENTRY--PERSONAL NAME
Personal name Lari, Sayyid Mujtaba Musavi
245 ## - TITLE STATEMENT
Title Seal of the prophets and his message: lessons on islamic doctrine
Statement of responsibility, etc. by Sayyid Mujtaba Musavi Lari
260 ## - PUBLICATION, DISTRIBUTION, ETC.
Place of publication, distribution, etc. Qom, I.R.
Name of publisher, distributor, etc. Foundation of Islamic Cultural Propagation in the World
Date of publication, distribution, etc. 2003
300 ## - PHYSICAL DESCRIPTION
Extent 195p.
650 ## - SUBJECT ADDED ENTRY--TOPICAL TERM
Topical term or geographic name entry element Islam - Doctrines
Holdings
Withdrawn status Lost status Damaged status Not for loan Permanent Location Current Location Date acquired Full call number Barcode Date last seen Price effective from Koha item type
        Indian Institute of Public Administration Indian Institute of Public Administration 2018-08-04 AB L324 GR16700 2018-08-04 2018-08-04 GR

Powered by Koha